Central Library OPAC University of Rajshahi

নীল বিদ্রোহ বাঙ্গালী ও সমাজ / (Record no. 38554)

MARC details
000 -LEADER
fixed length control field 01172nam a22002537a 4500
001 - CONTROL NUMBER
control field 38554
003 - CONTROL NUMBER IDENTIFIER
rucl marc code BD-RjUL
005 - DATE AND TIME OF LATEST TRANSACTION
control field 20211209052821.0
008 - FIXED-LENGTH DATA ELEMENTS--GENERAL INFORMATION
fixed length control field 151230s1978 ii ||||| |||| 00| 0 ben d
035 ## - SYSTEM CONTROL NUMBER
System control number (BD-RjUL)38659
040 ## - CATALOGING SOURCE
Original cataloging agency BD-RjUL
Language of cataloging ben
Transcribing agency BD-RjUL
041 ## - LANGUAGE CODE
Language code of text/sound track or separate title ben
082 ## - DEWEY DECIMAL CLASSIFICATION NUMBER
Edition number 23
Classification number 954.1403
Author mark and year SEN 1978
100 ## - MAIN ENTRY--PERSONAL NAME
Personal name সেনগুপ্ত, প্রমোদরঞ্জন
9 (RLIN) 118399
245 ## - TITLE STATEMENT
Title নীল বিদ্রোহ বাঙ্গালী ও সমাজ /
Statement of responsibility, etc. প্রমোদরঞ্জন সেনগুপ্ত
250 ## - EDITION STATEMENT
Edition statement ২য় পরিবর্ধিত সং.
260 ## - PUBLICATION, DISTRIBUTION, ETC. (IMPRINT)
Place of publication, distribution, etc. কলকাতা :
Name of publisher, distributor, etc. রা্ডিক্যাল বুক ক্লাব,
Date of publication, distribution, etc. ১৯৭৮
300 ## - PHYSICAL DESCRIPTION
Pagination ১৮২ পৃ. ;
Size ২১ সেমি.
500 ## - GENERAL NOTE
General note History of indigo plantation in Bengali and the impact of the 1859-60 Indigo movement on socioeconomic conditions of Bengal; Marxist viewpoint.
504 ## - BIBLIOGRAPHY, ETC. NOTE
Bibliography, etc বিবলিওগ্রাফি ও ইনডেক্স আছে.
650 ## - SUBJECT ADDED ENTRY--TOPICAL TERM
Topical term or geographic name as entry element Indigo industry
9 (RLIN) 118400
General subdivision History.
Geographic subdivision India
-- Bengal
Topical term or geographic name as entry element Plantations
General subdivision History
Geographic subdivision India
-- Bengal
9 (RLIN) 119000
942 ## - ADDED ENTRY ELEMENTS (KOHA)
Source of classification or shelving scheme Dewey Decimal Classification
Koha item type Books
Holdings
Lost status Source of classification or shelving scheme Damaged status Not for loan Collection code Permanent Location Current Location Shelving location Date acquired Source of acquisition Cost, normal purchase price Total Checkouts Full call number Date last seen Date checked out Copy number Koha item type
  Dewey Decimal Classification     Non-fiction Central Library, University of Rajshahi Central Library, University of Rajshahi   17/06/1982 Aligarh Library, Rajshahi 45.00 1 B 954.1403 SEN 1978 07/05/2016 31/12/2015 C-3 Books
  Dewey Decimal Classification     Non-fiction Central Library, University of Rajshahi Central Library, University of Rajshahi   17/06/1982 আলীগড় লাইব্রেরী, রাজশাহী 45.00 1 B 954.1403 SEN 1978 12/10/2023 27/09/2023 C-2 Books